000 00603cab a22001935a 4500
001 L141317
008 071115e20071108xxk f 000 0 eng d
035 _a(Sirsi) u141317
041 0 _aeng
100 1 _aGunn, Malcolm
245 0 0 _aIt's my business
260 _c2007
490 0 _aTaxation
_v160(4132) 8 November 2007, 491-494(4)
520 _aDiscusses the arguments for and against whether or not private property lettings are a business for tax purposes.
590 _aka
651 4 _aEngland and Wales
_y1543-
690 _aPROPERTY-PROPERTY TAXATION-PROPERTY TAX ALLOWANCES
942 _n0
999 _c79456
_d79456